Normal view
MARC view
Entry Personal Name
001 - CONTROL NUMBER
- control field: 43774
003 - CONTROL NUMBER IDENTIFIER
- control field: ARRUPE
005 - DATE AND TIME OF LATEST TRANSACTION
- control field: 20181205091503.0
008 - FIXED-LENGTH DATA ELEMENTS
- fixed length control field: 181205|| aca||aabn | a|a d
040 ## - CATALOGING SOURCE
- Original cataloging agency: ARRUPE
- Transcribing agency: ARRUPE
100 ## - HEADING--PERSONAL NAME
- Personal name: Donleavy, J. P.
- Fuller form of name: (James Patrick),
- Dates associated with a name: 1926-2017.
670 ## - SOURCE DATA FOUND
- Source citation: Work cat.: (ARRUPE)0: Donleavy, J. P. (James Patrick), 1926-2017., A singular man., 1966